[Event "Madrid 2023-2024ch - Previa A"]
[Site "Madrid ESP"]
[Date "2024.02.14"]
[Round "5.24"]
[White "Peiro Guevara, Hector"]
[Black "Garcia Gonzalez, Pedro A."]
[Result "1-0"]
[WhiteElo "1460"]
[BlackElo "1694"]
[PlyCount "41"]
[EventDate "2024.02.05"]
[EventType "swiss"]
[EventRounds "9"]
[EventCountry "ESP"]
[SourceTitle "Ajedrez en Madrid"]
[Source "lmi"]
[SourceDate "2024.02.06"]
[SourceVersion "1"]
[SourceVersionDate "2024.03.02"]
[SourceQuality "1"]

1. Nf3 d5 2. d4 Nf6 3. Bf4 c5 4. c3 e6 5. e3 Nc6 6. h3 Be7 7. Bd3 O-O 8. O-O b6
9. Nbd2 cxd4 10. cxd4 Nb4 11. Be2 Bb7 12. a3 Nc6 13. Bd3 Bd6 14. Bxd6 Qxd6 15.
e4 dxe4 16. Nxe4 Nxe4 17. Bxe4 Rfd8 18. Ng5 g6 19. Qf3 f5 20. Rfd1 fxe4 21.
Qf7+ 1-0

[Event "Madrid 2023-2024ch - Previa A"]
[Site "Madrid ESP"]
[Date "2024.02.14"]
[Round "5.25"]
[White "Rubio Rivera, Felix"]
[Black "Martin-Consuegra Barrilero, Javi"]
[Result "0-1"]
[WhiteElo "1491"]
[BlackElo "1673"]
[PlyCount "100"]
[EventDate "2024.02.05"]
[EventType "swiss"]
[EventRounds "9"]
[EventCountry "ESP"]
[SourceTitle "Ajedrez en Madrid"]
[Source "lmi"]
[SourceDate "2024.02.06"]
[SourceVersion "1"]
[SourceVersionDate "2024.03.02"]
[SourceQuality "1"]

1. d4 d6 2. c4 Nf6 3. Nf3 c6 4. Nc3 Bg4 5. h3 Bh5 6. Bf4 Nbd7 7. e3 Bxf3 8.
Qxf3 e5 9. Bg5 Be7 10. Bd3 Qa5 11. Bh4 O-O 12. O-O Rfe8 13. Bc2 a6 14. Rad1
exd4 15. Rxd4 Nf8 16. Bg3 Ne6 17. Rd2 d5 18. cxd5 cxd5 19. Rfd1 Bb4 20. Qf5 d4
21. Qxa5 Bxa5 22. exd4 Bxc3 23. bxc3 b5 24. d5 Nc5 25. d6 Nfd7 26. Kf1 Ne4 27.
Rd3 Rac8 28. Re1 Nxg3+ 29. Rxg3 Rxe1+ 30. Kxe1 Rc6 31. Rd3 Kf8 32. Kd2 g6 33.
f4 f5 34. Bb3 Ke8 35. Bg8 h6 36. Bb3 Nc5 37. Bd5 Rb6 38. Re3+ Kd7 39. Bf7 Rxd6+
40. Kc2 Ne4 41. Rd3 Rxd3 42. Kxd3 g5 43. fxg5 hxg5 44. Kd4 Kd6 45. g4 Nf2 46.
gxf5 Nxh3 47. Bd5 Nf4 48. Bf3 Nh3 49. f6 Nf4 50. Bg4 Ne6+ 0-1

[Event "Madrid 2023-2024ch - Previa A"]
[Site "Madrid ESP"]
[Date "2024.02.14"]
[Round "5.26"]
[White "Martinez Pintor, Juan"]
[Black "Cujba, Anca-Claudia"]
[Result "0-1"]
[WhiteElo "1566"]
[BlackElo "1633"]
[PlyCount "76"]
[EventDate "2024.02.05"]
[EventType "swiss"]
[EventRounds "9"]
[EventCountry "ESP"]
[SourceTitle "Ajedrez en Madrid"]
[Source "lmi"]
[SourceDate "2024.02.06"]
[SourceVersion "1"]
[SourceVersionDate "2024.03.02"]
[SourceQuality "1"]

1. d4 Nf6 2. c4 g6 3. Nc3 Bg7 4. e4 d6 5. f3 O-O 6. Be3 a5 7. Rc1 Nc6 8. a3 h6
9. Bd3 e5 10. d5 Nd4 11. Nge2 Nh5 12. O-O Nxe2+ 13. Nxe2 a4 14. Qd2 f5 15. f4
exf4 16. Nxf4 Nxf4 17. Bxf4 g5 18. Be3 f4 19. Bf2 Be5 20. Be2 Qf6 21. g3 Bh3
22. Qe1 Bxb2 23. Rb1 Bc3 24. Qd1 Bxf1 25. Bxf1 fxg3 26. Bxg3 Bd4+ 27. Kg2 b6
28. Be2 Bc5 29. Qd3 Qd4 30. Qxd4 Bxd4 31. Bg4 Rae8 32. Re1 Bc5 33. Bd7 Re7 34.
Bxa4 h5 35. h4 gxh4 36. Bxh4 Rg7+ 37. Kh2 Rg4 38. Bg3 h4 0-1

[Event "Madrid 2023-2024ch - Previa A"]
[Site "Madrid ESP"]
[Date "2024.02.14"]
[Round "5.27"]
[White "Camarero Izquierdo, Juan Carlos"]
[Black "Calle Trueba, Jose Antonio"]
[Result "1-0"]
[WhiteElo "1725"]
[BlackElo "1378"]
[PlyCount "65"]
[EventDate "2024.02.05"]
[EventType "swiss"]
[EventRounds "9"]
[EventCountry "ESP"]
[SourceTitle "Ajedrez en Madrid"]
[Source "lmi"]
[SourceDate "2024.02.06"]
[SourceVersion "1"]
[SourceVersionDate "2024.03.02"]
[SourceQuality "1"]

1. d4 d5 2. Nc3 Nf6 3. Bg5 e6 4. e4 dxe4 5. Nxe4 Be7 6. Bxf6 Bxf6 7. Nf3 O-O 8.
Qd3 Nc6 9. O-O-O Nb4 10. Qd2 a5 11. Kb1 b6 12. h4 Bb7 13. Nfg5 Bxe4 14. Nxe4
Qe7 15. g4 g6 16. g5 Bg7 17. f4 f5 18. Ng3 Rfd8 19. c3 Nd5 20. h5 Qd6 21. Bg2
Rab8 22. Bxd5 exd5 23. hxg6 Qxg6 24. Rh3 Kf7 25. Rdh1 Rh8 26. Qd3 h6 27. gxh6
Rxh6 28. Rh5 Rxh5 29. Rxh5 Rh8 30. Rxf5+ Ke6 31. Re5+ Kf7 32. Re7+ Kf6 33. Re6+
1-0

[Event "Madrid 2023-2024ch - Previa A"]
[Site "Madrid ESP"]
[Date "2024.02.14"]
[Round "5.28"]
[White "De Frutos Illana, Sergio"]
[Black "Hernandez Gutierrez, Jose"]
[Result "1/2-1/2"]
[WhiteElo "1523"]
[BlackElo "1712"]
[PlyCount "84"]
[EventDate "2024.02.05"]
[EventType "swiss"]
[EventRounds "9"]
[EventCountry "ESP"]
[SourceTitle "Ajedrez en Madrid"]
[Source "lmi"]
[SourceDate "2024.02.06"]
[SourceVersion "1"]
[SourceVersionDate "2024.03.02"]
[SourceQuality "1"]

1. e4 c6 2. d4 d5 3. e5 Bf5 4. c4 e6 5. a3 c5 6. cxd5 Qxd5 7. Be3 Bxb1 8. Rxb1
cxd4 9. Qxd4 Qxd4 10. Bxd4 a6 11. Nf3 Nc6 12. Bc3 Bc5 13. b4 Be7 14. Bd3 Nh6
15. h3 O-O 16. Bd2 Nf5 17. Ke2 Nfd4+ 18. Nxd4 Nxd4+ 19. Ke3 Nc6 20. f4 Bd8 21.
Rhd1 f6 22. Bc3 b5 23. Be4 Rc8 24. Rd6 Ne7 25. Bd4 Nf5+ 26. Bxf5 exf5 27. Rxa6
fxe5 28. Bxe5 Bc7 29. Bxc7 Rxc7 30. Rd6 Re8+ 31. Kf2 Rc2+ 32. Kf1 Ree2 33. g3
Rf2+ 34. Ke1 Rh2 35. Kd1 Rcg2 36. Kc1 Rxh3 37. Rb3 Rgxg3 38. Rxg3 Rxg3 39. Kb2
Rf3 40. Rb6 Rf2+ 41. Kb3 Rf3+ 42. Kb2 Rf2+ 1/2-1/2

[Event "Madrid 2023-2024ch - Previa A"]
[Site "Madrid ESP"]
[Date "2024.02.14"]
[Round "5.29"]
[White "Vasquez Escobar, Andres Eloy"]
[Black "Perez Hernandez, Alfonso"]
[Result "0-1"]
[WhiteElo "1391"]
[BlackElo "1658"]
[PlyCount "88"]
[EventDate "2024.02.05"]
[EventType "swiss"]
[EventRounds "9"]
[EventCountry "ESP"]
[SourceTitle "Ajedrez en Madrid"]
[Source "lmi"]
[SourceDate "2024.02.06"]
[SourceVersion "1"]
[SourceVersionDate "2024.03.02"]
[SourceQuality "1"]

1. d4 Nf6 2. c4 c5 3. d5 e6 4. dxe6 fxe6 5. Nc3 Be7 6. e4 Nc6 7. Bd3 O-O 8. f4
d6 9. Be3 a6 10. Nh3 b5 11. cxb5 Nd4 12. bxa6 Qb6 13. Qd2 Ng4 14. Bxd4 cxd4 15.
Ne2 Ne3 16. g3 e5 17. f5 Bxa6 18. Bxa6 Rxa6 19. Nf2 d5 20. a3 Rc8 21. Rc1 Raa8
22. Nd3 Rxc1+ 23. Qxc1 dxe4 24. Nf2 Qa5+ 25. Qd2 Ng2+ 26. Kd1 Qxd2+ 27. Kxd2
e3+ 28. Kd3 exf2 29. Rf1 Ne3 30. Rxf2 Rb8 31. Ng1 Nd1 32. Rc2 Nxb2+ 33. Ke4 d3
34. Rd2 Bg5 35. Rxb2 Rxb2 36. Kxd3 Rb3+ 37. Ke4 Bf6 38. Nf3 Rxa3 39. h3 Ra4+
40. Ke3 Kf7 41. g4 h6 42. Nd2 Bg5+ 43. Ke2 Bxd2 44. Kxd2 Ra3 0-1

[Event "Madrid 2023-2024ch - Previa A"]
[Site "Madrid ESP"]
[Date "2024.02.14"]
[Round "5.31"]
[White "Sanchez Arriola, Ignacio"]
[Black "Ropero Galan, Samuel"]
[Result "1-0"]
[WhiteElo "1626"]
[BlackElo "1380"]
[PlyCount "62"]
[EventDate "2024.02.05"]
[EventType "swiss"]
[EventRounds "9"]
[EventCountry "ESP"]
[SourceTitle "Ajedrez en Madrid"]
[Source "lmi"]
[SourceDate "2024.02.06"]
[SourceVersion "1"]
[SourceVersionDate "2024.03.02"]
[SourceQuality "1"]

1. d4 d5 2. c4 e6 3. Nf3 Nf6 4. g3 a6 5. Qc2 c5 6. cxd5 Nxd5 7. dxc5 Qa5+ 8.
Bd2 Qxc5 9. Qxc5 Bxc5 10. Nc3 Nf6 11. Bg2 Nc6 12. Rc1 Bb6 13. O-O O-O 14. Na4
Ba7 15. Nc3 Rb8 16. Bf4 e5 17. Nxe5 Nxe5 18. Bxe5 Ra8 19. h3 Nh5 20. g4 f6 21.
Bh2 Be6 22. Bxb7 Rad8 23. Rfd1 Rde8 24. Bd5 g5 25. Bxe6+ Rxe6 26. gxh5 f5 27.
Rd7 Bb6 28. Rd6 Rfe8 29. Rxe6 Rxe6 30. Rd1 Re7 31. Nd5 Rb7 1-0

[Event "Madrid 2023-2024ch - Previa A"]
[Site "Madrid ESP"]
[Date "2024.02.14"]
[Round "5.32"]
[White "Ramos Antona, Enrique"]
[Black "Lopez Manso, Jeronimo"]
[Result "1-0"]
[WhiteElo "1548"]
[BlackElo "1298"]
[PlyCount "77"]
[EventDate "2024.02.05"]
[EventType "swiss"]
[EventRounds "9"]
[EventCountry "ESP"]
[SourceTitle "Ajedrez en Madrid"]
[Source "lmi"]
[SourceDate "2024.02.06"]
[SourceVersion "1"]
[SourceVersionDate "2024.03.02"]
[SourceQuality "1"]

1. Nf3 d5 2. g3 Nf6 3. Bg2 c5 4. d4 Nc6 5. c3 Qc7 6. Bg5 e5 7. dxe5 Nxe5 8.
Bxf6 Nxf3+ 9. Bxf3 gxf6 10. Qxd5 Be6 11. Qe4 f5 12. Qa4+ Bd7 13. Qb3 c4 14. Qc2
O-O-O 15. Nd2 h5 16. O-O-O Be6 17. e3 Be7 18. h4 Rd6 19. Nb1 Ra6 20. a3 b5 21.
Bd5 Qe5 22. Bxe6+ fxe6 23. Qe2 Qc5 24. Rd2 Rc6 25. Rhd1 a5 26. Rd7 b4 27. Qf3
Bf6 28. e4 Qe5 29. exf5 Qc5 30. Qe3 e5 31. Qxc5 Rxc5 32. R7d5 Rxd5 33. Rxd5
bxc3 34. Nxc3 Rd8 35. Rxa5 Rd3 36. Rc5+ Kb7 37. Rxc4 Rf3 38. Ne4 Rxf5 39. Nd6+
1-0

[Event "Madrid 2023-2024ch - Previa A"]
[Site "Madrid ESP"]
[Date "2024.02.14"]
[Round "5.33"]
[White "Ortega Molina, Tomas"]
[Black "Carbo de Haya, Jaime"]
[Result "0-1"]
[WhiteElo "1538"]
[BlackElo "1297"]
[PlyCount "48"]
[EventDate "2024.02.05"]
[EventType "swiss"]
[EventRounds "9"]
[EventCountry "ESP"]
[SourceTitle "Ajedrez en Madrid"]
[Source "lmi"]
[SourceDate "2024.02.06"]
[SourceVersion "1"]
[SourceVersionDate "2024.03.02"]
[SourceQuality "1"]

1. d4 Nf6 2. c4 e5 3. dxe5 Ng4 4. Nf3 Bc5 5. e3 Nc6 6. Nc3 O-O 7. Be2 Ncxe5 8.
O-O Re8 9. h3 Nxf3+ 10. Bxf3 Ne5 11. Be2 a5 12. b3 Ra6 13. Na4 Ba7 14. Bb2 Rh6
15. Nc3 d6 16. Kh2 Qh4 17. f4 Bxh3 18. g3 Ng4+ 19. Bxg4 Qxg4 20. Qxg4 Bxg4+ 21.
Kg2 Rxe3 22. Rfe1 Bh3+ 23. Kh2 Bg4+ 24. Kg2 Bf3+ 0-1

[Event "Madrid 2023-2024ch - Previa A"]
[Site "Madrid ESP"]
[Date "2024.02.19"]
[Round "6.1"]
[White "Martin Rodriguez, Emilio"]
[Black "Ruiz Bellon, Manuel"]
[Result "1/2-1/2"]
[WhiteElo "1964"]
[BlackElo "1843"]
[PlyCount "92"]
[EventDate "2024.02.05"]
[EventType "swiss"]
[EventRounds "9"]
[EventCountry "ESP"]
[SourceTitle "Ajedrez en Madrid"]
[Source "lmi"]
[SourceDate "2024.02.06"]
[SourceVersion "1"]
[SourceVersionDate "2024.03.02"]
[SourceQuality "1"]

1. d4 Nf6 2. Nf3 d5 3. e3 c5 4. c3 Nbd7 5. Nbd2 b6 6. Ne5 e6 7. f4 g6 8. Bd3
Bb7 9. Ndf3 Bg7 10. h4 O-O 11. Bd2 Ne4 12. Qa4 Nxe5 13. dxe5 f6 14. exf6 Bxf6
15. Ng5 Bxg5 16. hxg5 e5 17. Bxe4 dxe4 18. O-O-O Qd3 19. g3 a5 20. Qc2 exf4 21.
gxf4 Rad8 22. Rhe1 Rd7 23. c4 Ba6 24. b3 Qxc2+ 25. Kxc2 b5 26. Bxa5 Rxd1 27.
Rxd1 bxc4 28. Rd7 cxb3+ 29. axb3 Rf7 30. Rd8+ Rf8 31. Kc3 Rxd8 32. Bxd8 Kf7 33.
Bb6 Ke6 34. Bxc5 Kd5 35. Bf8 Bd3 36. Kb4 Kc6 37. Be7 Bb5 38. Kc3 Kd5 39. Bf6
Bd3 40. Kd2 Kc5 41. Be7+ Kd5 42. b4 Kc4 43. Ke1 Kd5 44. Bd8 Kc4 45. Ba5 Kd5 46.
Kf2 Ke6 1/2-1/2

[Event "Madrid 2023-2024ch - Previa A"]
[Site "Madrid ESP"]
[Date "2024.02.19"]
[Round "6.2"]
[White "Blazquez Sanz, Oscar"]
[Black "Marin Aso, Jose Luis"]
[Result "1-0"]
[WhiteElo "1924"]
[BlackElo "1859"]
[PlyCount "41"]
[EventDate "2024.02.05"]
[EventType "swiss"]
[EventRounds "9"]
[EventCountry "ESP"]
[SourceTitle "Ajedrez en Madrid"]
[Source "lmi"]
[SourceDate "2024.02.06"]
[SourceVersion "1"]
[SourceVersionDate "2024.03.02"]
[SourceQuality "1"]

1. d4 Nf6 2. c4 g6 3. Nc3 Bg7 4. e4 d6 5. Be2 O-O 6. Be3 c5 7. d5 e6 8. h4 exd5
9. exd5 Qb6 10. Qd2 Bf5 11. f3 h5 12. O-O-O Nbd7 13. Bh6 Ne5 14. Rf1 Qb4 15.
Bxg7 Kxg7 16. g4 Nxc4 17. Bxc4 Qxc4 18. Nge2 hxg4 19. fxg4 Be4 20. Qf4 Qd3 21.
Qxf6+ 1-0

[Event "Madrid 2023-2024ch - Previa A"]
[Site "Madrid ESP"]
[Date "2024.02.19"]
[Round "6.3"]
[White "Jafar Hussain, Yaser"]
[Black "Rodriguez Del Pino, Daniel"]
[Result "1-0"]
[WhiteElo "1752"]
[BlackElo "1841"]
[PlyCount "67"]
[EventDate "2024.02.05"]
[EventType "swiss"]
[EventRounds "9"]
[EventCountry "ESP"]
[SourceTitle "Ajedrez en Madrid"]
[Source "lmi"]
[SourceDate "2024.02.06"]
[SourceVersion "1"]
[SourceVersionDate "2024.03.02"]
[SourceQuality "1"]

1. d4 Nf6 2. Nf3 b6 3. g3 Bb7 4. Bg2 g6 5. O-O Bg7 6. c4 O-O 7. b3 d6 8. Bb2
Nbd7 9. Re1 Re8 10. Nbd2 Ne4 11. Ng5 Nxf2 12. Kxf2 Bxg2 13. Kxg2 e5 14. Ngf3 e4
15. Ng1 f5 16. e3 Nc5 17. dxc5 Bxb2 18. Rb1 Be5 19. c6 Qg5 20. Nh3 Qh6 21. Nf4
Re7 22. Nf1 Rf8 23. h3 Qg7 24. Qd5+ Rff7 25. Ne6 Qf6 26. Nd8 g5 27. Nh2 Kh8 28.
Nxf7+ Rxf7 29. Rf1 h5 30. Rbe1 Qg6 31. g4 hxg4 32. Nxg4 Bc3 33. Re2 Qh5 34.
Rxf5 1-0

[Event "Madrid 2023-2024ch - Previa A"]
[Site "Madrid ESP"]
[Date "2024.02.19"]
[Round "6.4"]
[White "Pashov, Spas Nikolov"]
[Black "Moya Barba, Diego"]
[Result "0-1"]
[WhiteElo "1772"]
[BlackElo "1844"]
[PlyCount "34"]
[EventDate "2024.02.05"]
[EventType "swiss"]
[EventRounds "9"]
[EventCountry "ESP"]
[SourceTitle "Ajedrez en Madrid"]
[Source "lmi"]
[SourceDate "2024.02.06"]
[SourceVersion "1"]
[SourceVersionDate "2024.03.02"]
[SourceQuality "1"]

1. e4 c5 2. Nf3 Nc6 3. Bb5 e6 4. Bxc6 bxc6 5. c4 d6 6. d3 e5 7. h3 Nf6 8. O-O
Be7 9. Nc3 O-O 10. Bg5 Rb8 11. Qd2 h6 12. Bxf6 Bxf6 13. b3 Kh7 14. Ne2 g6 15.
Kh2 Bg7 16. g4 f5 17. g5 fxe4 0-1

[Event "Madrid 2023-2024ch - Previa A"]
[Site "Madrid ESP"]
[Date "2024.02.19"]
[Round "6.5"]
[White "Sanchez Rodriguez, Jaime"]
[Black "Vazquez Gonzalez, Jesus"]
[Result "1/2-1/2"]
[WhiteElo "1791"]
[BlackElo "1945"]
[PlyCount "33"]
[EventDate "2024.02.05"]
[EventType "swiss"]
[EventRounds "9"]
[EventCountry "ESP"]
[SourceTitle "Ajedrez en Madrid"]
[Source "lmi"]
[SourceDate "2024.02.06"]
[SourceVersion "1"]
[SourceVersionDate "2024.03.02"]
[SourceQuality "1"]

1. d4 d5 2. e3 c6 3. Bd3 Nf6 4. f4 Bg4 5. Nf3 e6 6. O-O Ne4 7. Nbd2 f5 8. Qe1
Be7 9. Ne5 Bh5 10. Be2 Bxe2 11. Qxe2 O-O 12. Nxe4 dxe4 13. c4 Nd7 14. Nxd7 Qxd7
15. Bd2 Rad8 16. c5 Qd5 17. Rfc1 1/2-1/2

[Event "Madrid 2023-2024ch - Previa A"]
[Site "Madrid ESP"]
[Date "2024.02.19"]
[Round "6.6"]
[White "Diaz Begonte, Manuel"]
[Black "Lopez de Turiso Sanchez, Jose An"]
[Result "0-1"]
[WhiteElo "1509"]
[BlackElo "1915"]
[PlyCount "70"]
[EventDate "2024.02.05"]
[EventType "swiss"]
[EventRounds "9"]
[EventCountry "ESP"]
[SourceTitle "Ajedrez en Madrid"]
[Source "lmi"]
[SourceDate "2024.02.06"]
[SourceVersion "1"]
[SourceVersionDate "2024.03.02"]
[SourceQuality "1"]

1. d4 Nf6 2. Bf4 e6 3. e3 d5 4. c3 c5 5. Bd3 Nc6 6. Nd2 cxd4 7. exd4 Bd6 8.
Bxd6 Qxd6 9. Ngf3 Nh5 10. g3 g6 11. Qe2 f6 12. O-O-O a6 13. Nb3 b6 14. Nh4 Kf7
15. f4 Nxf4 16. Qf2 Nxd3+ 17. Rxd3 Kg7 18. Rf1 Rf8 19. Qe2 a5 20. Re3 Ba6 21.
Rxe6 Bxe2 22. Rxd6 Bxf1 23. Rxc6 Rab8 24. Nd2 Bb5 25. Rd6 Rfd8 26. Rxd8 Rxd8
27. Ng2 g5 28. Ne3 Bd3 29. Nf3 h5 30. Kd2 Be4 31. Ke2 Kg6 32. h4 Bxf3+ 33. Kxf3
Kf7 34. Nf5 Rd7 35. Ke3 Ke6 0-1

[Event "Madrid 2023-2024ch - Previa A"]
[Site "Madrid ESP"]
[Date "2024.02.19"]
[Round "6.7"]
[White "De Vicente Guijarro, Juan"]
[Black "Toledo Aguirre, Gonzalo"]
[Result "1-0"]
[WhiteElo "1768"]
[BlackElo "1824"]
[PlyCount "77"]
[EventDate "2024.02.05"]
[EventType "swiss"]
[EventRounds "9"]
[EventCountry "ESP"]
[SourceTitle "Ajedrez en Madrid"]
[Source "lmi"]
[SourceDate "2024.02.06"]
[SourceVersion "1"]
[SourceVersionDate "2024.03.02"]
[SourceQuality "1"]

1. e4 e6 2. d4 d5 3. exd5 exd5 4. c4 Bb4+ 5. Nc3 Nf6 6. Bd3 O-O 7. Nge2 Re8 8.
O-O dxc4 9. Bxc4 Bg4 10. Qb3 Qe7 11. f3 Bxc3 12. Nxc3 Be6 13. d5 Bf5 14. Bg5
Qc5+ 15. Kh1 Nbd7 16. g4 Bg6 17. Rad1 Ne5 18. Be2 Nfd7 19. f4 f6 20. fxe5 Rxe5
21. Bf4 Rxe2 22. Nxe2 Be4+ 23. Rf3 Ne5 24. Bxe5 fxe5 25. d6+ Kh8 26. d7 Rd8 27.
Kg2 h6 28. Kg3 Bxf3 29. Qxf3 Qb5 30. g5 e4 31. Qxe4 Qxg5+ 32. Qg4 Qe3+ 33. Kg2
Qe7 34. Nf4 Qe4+ 35. Qf3 Qf5 36. Kf2 Rxd7 37. Rxd7 Qxd7 38. Ng6+ Kg8 39. Qb3+
1-0

[Event "Madrid 2023-2024ch - Previa A"]
[Site "Madrid ESP"]
[Date "2024.02.19"]
[Round "6.10"]
[White "Ramirez Bulnes, Joaquin"]
[Black "Martin Martin, Luis Vicente"]
[Result "0-1"]
[WhiteElo "1806"]
[BlackElo "1884"]
[PlyCount "104"]
[EventDate "2024.02.05"]
[EventType "swiss"]
[EventRounds "9"]
[EventCountry "ESP"]
[SourceTitle "Ajedrez en Madrid"]
[Source "lmi"]
[SourceDate "2024.02.06"]
[SourceVersion "1"]
[SourceVersionDate "2024.03.02"]
[SourceQuality "1"]

1. c4 e5 2. Nc3 Nf6 3. g3 d5 4. cxd5 Nxd5 5. Bg2 Nb6 6. e3 Be7 7. Nge2 c5 8.
O-O Nc6 9. d4 exd4 10. Bxc6+ bxc6 11. exd4 O-O 12. Be3 Nc4 13. b3 Nxe3 14. fxe3
Bh3 15. Rf2 cxd4 16. Nxd4 Bg5 17. Qf3 Qc8 18. Re1 Bf6 19. Nce2 c5 20. Nf5 Bxf5
21. Qxf5 Qxf5 22. Rxf5 Rfe8 23. Kf2 Be5 24. Rd1 g6 25. Rf3 Rad8 26. Rxd8 Rxd8
27. Ke1 Rd3 28. Nf4 Bc3+ 29. Kf2 Rd2+ 30. Ne2 Rxa2 31. Rf4 Rb2 32. Kf3 Bb4 33.
Nc1 Rb1 34. Rc4 Bd2 35. Nd3 Rxb3 36. Nxc5 Rxe3+ 37. Kf2 Rc3 38. Rxc3 Bxc3 39.
Ke3 Ba5 40. Ke4 Kg7 41. g4 Kf6 42. Nd7+ Ke7 43. Nc5 Bb6 44. Na6 Ke6 45. h3 Bg1
46. Nc7+ Kd7 47. Nd5 Kd6 48. Nf6 h6 49. Ng8 h5 50. Nh6 Ke6 51. gxh5 gxh5 52.
Nf5 Kf6 0-1

[Event "Madrid 2023-2024ch - Previa A"]
[Site "Madrid ESP"]
[Date "2024.02.19"]
[Round "6.12"]
[White "Barahona Torrijos, Angel"]
[Black "Alvarez Abejon, Amilcar"]
[Result "0-1"]
[WhiteElo "1717"]
[BlackElo "1874"]
[PlyCount "80"]
[EventDate "2024.02.05"]
[EventType "swiss"]
[EventRounds "9"]
[EventCountry "ESP"]
[SourceTitle "Ajedrez en Madrid"]
[Source "lmi"]
[SourceDate "2024.02.06"]
[SourceVersion "1"]
[SourceVersionDate "2024.03.02"]
[SourceQuality "1"]

1. e4 e5 2. Nc3 Nf6 3. f4 d5 4. fxe5 Nxe4 5. d3 Nxc3 6. bxc3 c5 7. Nf3 Nc6 8.
Be2 Be7 9. O-O O-O 10. Qe1 f6 11. d4 fxe5 12. dxe5 Bf5 13. c4 d4 14. Bd3 Bxd3
15. cxd3 Qd7 16. Qe4 Qf5 17. Bd2 Qxe4 18. dxe4 Rae8 19. Rfb1 b6 20. a4 Bd8 21.
a5 Nxe5 22. axb6 Bxb6 23. Ba5 Nxf3+ 24. gxf3 Rxf3 25. Bxb6 axb6 26. Rxb6 Rxe4
27. Rb7 Rg4+ 28. Kh1 h6 29. Rc7 Rg5 30. Rg1 Rxg1+ 31. Kxg1 Rf5 32. Kg2 h5 33.
h4 Kh7 34. Rd7 Kg6 35. Re7 Kf6 36. Re2 Rf4 37. Kg3 Rg4+ 38. Kh3 Kf5 39. Ra2 d3
40. Ra5 Rxc4 0-1

[Event "Madrid 2023-2024ch - Previa A"]
[Site "Madrid ESP"]
[Date "2024.02.19"]
[Round "6.13"]
[White "Arevillca Colque, Jonatan"]
[Black "Peiro Guevara, Hector"]
[Result "1-0"]
[WhiteElo "1835"]
[BlackElo "1460"]
[PlyCount "49"]
[EventDate "2024.02.05"]
[EventType "swiss"]
[EventRounds "9"]
[EventCountry "ESP"]
[SourceTitle "Ajedrez en Madrid"]
[Source "lmi"]
[SourceDate "2024.02.06"]
[SourceVersion "1"]
[SourceVersionDate "2024.03.02"]
[SourceQuality "1"]

1. e4 c5 2. d4 cxd4 3. c3 d6 4. cxd4 Nf6 5. Nc3 a6 6. Bf4 e6 7. Nf3 Qa5 8. Bd3
Nbd7 9. O-O Be7 10. Qd2 b5 11. Rac1 b4 12. Ne2 Bb7 13. Ng3 h6 14. h3 g5 15. Be3
d5 16. e5 Ne4 17. Qc2 Nxg3 18. fxg3 Rc8 19. Qb1 O-O 20. h4 g4 21. Rxc8 Rxc8 22.
Nh2 f5 23. Nxg4 fxg4 24. Bh7+ Kh8 25. Qg6 1-0

[Event "Madrid 2023-2024ch - Previa A"]
[Site "Madrid ESP"]
[Date "2024.02.19"]
[Round "6.14"]
[White "Melero Fernandez, Jose M"]
[Black "Calderon Rojo, Borja"]
[Result "0-1"]
[WhiteElo "1385"]
[BlackElo "1815"]
[PlyCount "96"]
[EventDate "2024.02.05"]
[EventType "swiss"]
[EventRounds "9"]
[EventCountry "ESP"]
[SourceTitle "Ajedrez en Madrid"]
[Source "lmi"]
[SourceDate "2024.02.06"]
[SourceVersion "1"]
[SourceVersionDate "2024.03.02"]
[SourceQuality "1"]

1. c4 Nf6 2. Nc3 d6 3. g3 g6 4. Bg2 Bg7 5. e3 e5 6. Nge2 O-O 7. O-O Nbd7 8. b3
c6 9. Bb2 Re8 10. d4 e4 11. Qd2 a6 12. a4 Nf8 13. f3 exf3 14. Bxf3 Bf5 15. Rae1
Bh3 16. Bg2 Bxg2 17. Kxg2 Qe7 18. Ng1 Ne4 19. Nxe4 Qxe4+ 20. Nf3 h6 21. Kg1 g5
22. Qf2 Qg6 23. d5 Bxb2 24. Qxb2 c5 25. Qc3 Nd7 26. Nd2 Qg7 27. Qc2 Re5 28. Rf5
Rae8 29. Rxe5 Qxe5 30. e4 Qd4+ 31. Kg2 g4 32. Qd1 Nf6 33. Qe2 h5 34. Qe3 Qxe3
35. Rxe3 Nd7 36. Kf2 Ne5 37. Kg2 Rf8 38. h3 Kg7 39. Re2 Rb8 40. Rf2 b5 41. Rf5
bxa4 42. Rxh5 gxh3+ 43. Rxh3 axb3 44. Rh1 a5 45. Ra1 b2 46. Re1 a4 47. Nb1 Nxc4
48. Re2 a3 0-1

[Event "Madrid 2023-2024ch - Previa A"]
[Site "Madrid ESP"]
[Date "2024.02.19"]
[Round "6.15"]
[White "Laveda Ayllon, Jose David"]
[Black "Lozano Arribas, Carlos"]
[Result "0-1"]
[WhiteElo "1703"]
[BlackElo "1975"]
[PlyCount "88"]
[EventDate "2024.02.05"]
[EventType "swiss"]
[EventRounds "9"]
[EventCountry "ESP"]
[SourceTitle "Ajedrez en Madrid"]
[Source "lmi"]
[SourceDate "2024.02.06"]
[SourceVersion "1"]
[SourceVersionDate "2024.03.02"]
[SourceQuality "1"]

1. d4 Nf6 2. c4 e6 3. Nc3 Bb4 4. Qc2 c5 5. dxc5 Bxc5 6. Bg5 Bxf2+ 7. Kxf2 Ng4+
8. Ke1 Qxg5 9. Nb5 O-O 10. Nf3 Qc5 11. Qc3 a6 12. Qd4 Qxd4 13. Nbxd4 d6 14. e4
e5 15. Nc2 f5 16. Bd3 fxe4 17. Bxe4 Nf6 18. Nd2 Nxe4 19. Nxe4 Bf5 20. Nxd6 Bxc2
21. Nxb7 Nd7 22. Na5 Nc5 23. Kd2 Rf2+ 24. Ke3 Raf8 25. b4 Na4 26. a3 Nc3 27.
Rae1 Rxg2 28. Nc6 e4 29. Ne7+ Kf7 30. Nf5 Ke6 31. Nd4+ Ke5 32. Nc6+ Kd6 33. Nd4
Bd3 34. Rhg1 Rxh2 35. Rxg7 Rff2 36. Rg3 Ne2 37. Rxe2 Rxe2+ 38. Nxe2 Rxe2+ 39.
Kd4 Ra2 40. c5+ Ke6 41. Rh3 Rxa3 42. Rxh7 Rb3 43. Rb7 Bb5 44. Rb6+ Kf5 0-1